A potter's Mexico / (Record no. 26424)

000 -LEADER
fixed length control field 01021cam a2200313 i 4500
001 - CONTROL NUMBER
control field 2722044
005 - DATE AND TIME OF LATEST TRANSACTION
control field 20170204112344.0
008 - FIXED-LENGTH DATA ELEMENTS--GENERAL INFORMATION
fixed length control field 780104s1978 nmuaf b 001 0ceng
010 ## - LIBRARY OF CONGRESS CONTROL NUMBER
LC control number 77029047
020 ## - INTERNATIONAL STANDARD BOOK NUMBER
International Standard Book Number 0826304729 :
Terms of availability $17.50
043 ## - GEOGRAPHIC AREA CODE
Geographic area code n-mx---
050 00 - LIBRARY OF CONGRESS CALL NUMBER
Classification number NK4031 .W47 1978
100 1# - MAIN ENTRY--PERSONAL NAME
Personal name Whitaker, Irwin.
245 12 - TITLE STATEMENT
Title A potter's Mexico /
Statement of responsibility, etc. Irwin & Emily Whitaker.
250 ## - EDITION STATEMENT
Edition statement 1st ed.
260 ## - PUBLICATION, DISTRIBUTION, ETC. (IMPRINT)
Place of publication, distribution, etc. Albuquerque :
Name of publisher, distributor, etc. University of New Mexico Press,
Date of publication, distribution, etc. c1978.
300 ## - PHYSICAL DESCRIPTION
Extent xvi, 136 p., [8] leaves of plates :
Other physical details ill. (some col.) ;
Dimensions 27 cm.
500 ## - GENERAL NOTE
General note Includes index.
504 ## - BIBLIOGRAPHY, ETC. NOTE
Bibliography, etc Bibliography: p. 130-133.
650 #0 - SUBJECT ADDED ENTRY--TOPICAL TERM
Topical term or geographic name as entry element Pottery, Mexican
Chronological subdivision 20th century.
650 #0 - SUBJECT ADDED ENTRY--TOPICAL TERM
Topical term or geographic name as entry element Potters
Geographic subdivision Mexico
General subdivision Biography.
700 1# - ADDED ENTRY--PERSONAL NAME
Personal name Whitaker, Emily,
Dates associated with a name 1921-
Relator term joint author.
942 ## - ADDED ENTRY ELEMENTS (KOHA)
Source of classification or shelving scheme
Koha item type Hard Covered Materials
Holdings
Withdrawn status Lost status Source of classification or shelving scheme Damaged status Not for loan Home library Current library Shelving location Date acquired Source of acquisition Total Checkouts Full call number Barcode Date last seen Price effective from Koha item type
          MACHAKOS UNIVERSITY LIBRARY MACHAKOS UNIVERSITY LIBRARY Open shelf 04/02/2017 Donation(BFA)   NK4031 .W47 1978 34105 04/02/2017 04/02/2017 Hard Covered Materials
© Machakos University Library, Along The Highway, Machakos Wote Rd, Machakos, Kenya P.O. Box 136 - 90100 Machakos - Kenya

Tel: ( +254 ) 723 805829 OR Fax : 044-20353 OR Email: library@mksu.ac.ke